Buenaventura correoso, El Hombre /

Uloženo v:
Podrobná bibliografie
Hlavní autor: Ríos Torres, Ricardo
Médium: Text
Tagy: Přidat tag
Žádné tagy, Buďte první, kdo vytvoří štítek k tomuto záznamu!

MARC

LEADER 00000 a a2200000 04500
001 45672
003
040 |a CRAI/IIS  |c CRAI/IIS 
100 |a Ríos Torres, Ricardo  
245 |a Buenaventura correoso, El Hombre /  |c Ricardo Arturo Ríos Torres  
773 |g número503 (2012), páginas 7-11  
999 |c 18362  |d 18362